[Event "Mumbai Wealth op 6th"]
[Site "Mumbai"]
[Date "2022.01.01"]
[Round "3"]
[White "Kambli, Pushkaraj"]
[Black "Kulkarni, Vikramaditya"]
[Result "0-1"]
[WhiteElo "1550"]
[BlackElo "2327"]
[PlyCount "49"]
[EventDate "2021.12.30"]
[EventType "swiss"]
[EventRounds "9"]
[EventCountry "IND"]
[SourceTitle "EXT 2023"]
[Source "ChessBase"]
[SourceDate "2022.10.05"]
[SourceVersion "1"]
[SourceVersionDate "2022.10.05"]
[SourceQuality "1"]

1. d4 e6 2. Nf3 b5 3. e3 a6 4. Bd3 Bb7 5. 0-0 f5 6. b3 Nf6 7. Bb2 g6 8. a3 Bg7 9. c4 bxc4 10. bxc4 0-0 11. Nc3 Bxf3 12. Qxf3 Nc6 13. Na4 Qe7 14. Nc3 Rab8 15. Qe2 Nh5 16. Rab1 f4 17. Be4 fxe3 18. fxe3 Nxd4 19. exd4 Bxd4+ 20. Kh1 Rxf1+ 21. Rxf1 Qh4 22. Qf3 Be5 23. Qh3 Qxh3 24. gxh3 Rxb2 25. Bd3 0-1